000 01251nab a2200313 a 4500
005 20210219162347.0
008 991125s1985 mx 000 0 spa u
035 _aUPN01000202565
049 _aART-E
100 1 _aFargas Peñarrocha, Mariela
100 1 _umarielafargas@ub.edu
222 0 _aARENAL :
_bREVISTA DE HISTORIA DE LAS MUJERES
245 0 0 _aCuerpo y matrimonio en la Edad Moderna: la metáfora de la “esposa regalada” y la unidad conyugal
260 _aEspaña
300 _a99-119
362 0 _a2014 Vol. 21, no. 1, ene.-jun.
520 3 _aEste es un breve estudio acerca de la doctrina sobre el cuerpo de la esposa, sobre los cambios en el pensamiento de los cuerpos en el seno de la familia, las contradicciones, y sobre cómo el cuerpo contextualizado en los ciclos vitales de la mujer permite arrancar el matrimonio y la familia de la Edad Moderna.
653 0 _aMUJERES
653 0 _aMATRIMONIO
653 0 _aFAMILIA
653 0 _aMORAL
653 0 _aCUERPO
856 4 _uhttp://revistaseug.ugr.es/index.php/arenal/article/view/2262/2381
905 _aArticulo
336 _atexto$2rdacontent
337 _acomputadora$2rdamedia
338 _arecurso en linea$2rdacarrier
999 _c174666
_d174666